000 00897nam a2200253Ia 4500
003 OSt
005 20220923221019.0
006 a|||||r|||| 00| 0
007 ta
008 220922b |||||||| |||| 00| 0 hin d
024 _a193,791
037 _cTextual
040 _aARTS
_cARTS
_bhin
041 _2hin
_ahin
082 _aO152,3xN5, M8
100 _aपुष्ष, रॉबिन शॉ, संपा.
_9164969
245 0 _aबिहार के गांॅव कस्बे की कहानियॉं
246 _aBihār ke gāanॅv kasbe kī kahāniyaॉan
260 _aनयी दिल्ली
_b किताब घर
_c1988
300 _a240पृ.
_ccm.
650 _aहिन्दी साहित्य
_9156264
942 _hO152,3xN5, M8
_cTEXL
_2CC
999 _c346212
_d346212